| 000 | 01631cam a2200373 a 4500 | ||
|---|---|---|---|
| 001 | 4256 | ||
| 003 | FISKH | ||
| 005 | 20240710145409.0 | ||
| 008 | 080725s2009 mnua j 000 1 eng | ||
| 010 | _a 2008032401 | ||
| 020 | _a9781434211545 (library binding) | ||
| 020 | _a9781434213655 | ||
| 040 |
_aDLC _cDLC _dDLC _beng |
||
| 042 | _alcac | ||
| 050 | _aPZ7.P87758 | ||
| 082 | _a813.6 | ||
| 100 | 1 |
_aPowell, Martin, _d1959- |
|
| 245 | 1 | 4 |
_aThe fog of fear / _cwritten by Martin Powell ; illustrated by Erik Doescher, Mike DeCarlo, and Lee Loughridge. |
| 260 |
_aMinnesota : _bStone Arch Books, _c2013. |
||
| 300 |
_a49 pages : _bcolor illustrations ; _c19 cm |
||
| 490 | 0 | _aDC super heroes. Batman | |
| 500 | _a"Batman created by Bob Kane." | ||
| 505 | _aR | ||
| 520 | _aOn a bright spring morning, a dark cloud of smoke engulfs GOTHAM CITY. The fearsome SCARECROW has turned day into night. Surprisingly, the crook doesn't resist BATMAN'S attempt to arrest him. From behind the bars of his cell, the SCARECROW reveals that his evil experiment has already been set in motion. When the black smoke mixes with water, it produces a gas that fills people with fear. A thunderstorm is approaching the city. Can BATMAN save the citizens of GOTHAM from their worst nightmares? | ||
| 521 |
_a700
_bLexile |
||
| 521 |
_aR
_bRaz-Plus |
||
| 650 | 1 |
_aSuperheroes _vFiction. |
|
| 700 | 1 |
_aDoescher, Erik, _eillustrator |
|
| 700 | 1 |
_aDe Carlo, Mike, _eillustrator |
|
| 700 | 1 |
_aLoughridge, Lee, _eillustrator |
|
| 906 |
_a7 _bcbc _corignew _d1 _eecip _f20 _gy-gencatlg |
||
| 942 |
_2ddc _cBK _n0 |
||
| 999 |
_c4256 _d4256 |
||